000 01114naa a22003137a 4500
001 BR8202598
003 BR-BrBNA
005 20240918175114.0
007 ta
008 230509b bl.||||| |||| 00| 0 por d
040 _aBR-BrBNA
_bpor
_cBiblioteca Nacional de Agricultura
041 _a(Pt)
072 _aF22; F28; F27
090 _aF22 BR8202598
100 1 _aPrimavesi, A.
245 1 _aA bioestrutura do solo [Fisica do solo; Erosao do solo; Cultivo do solo]
250 1 _a4. ed.
260 3 _aSao Paulo, SP (Brasil):
_bNobel,
_c1982.
500 _aPrimavesi, A. O manejo ecologico do solo: a agricultura em regioes tropicais 4. ed. Sao Paulo, SP (Brasil): Nobel, 1982. p. 204-254 (BR8202598-AM)F22
650 _aFISICA DO SOLO
650 _aEROSAO DO SOLO
650 _aCULTIVO DO SOLO
650 _aSOLO
650 _aESTRUTURA DO SOLO
650 _aCONSERVACAO DO SOLO
773 0 _tO manejo ecologico do solo: a agricultura em regioes tropicais
_aPrimavesi, A.
_wF22 BR8202598
_gSao Paulo, SP (Brasil), 1982. p. 204-254
909 _a202404
_bLucia
_c55
_dLucia Elande
942 _cAM
_2AGRIS
999 _c315029
_d315029